[Event "Oruro Baptista Memorial"]
[Site "Oruro"]
[Date "2023.11.01"]
[Round "2"]
[White "Molina, Jessica"]
[Black "Quisbert Quispe, Leonidas Kalel"]
[Result "1-0"]
[WhiteElo "1906"]
[BlackElo "1386"]
[PlyCount "49"]
[EventDate "2023.11.01"]
[EventType "swiss"]
[EventRounds "9"]
[EventCountry "BOL"]
[SourceTitle "Mega2024 Update 01"]
[Source "Chessbase"]
[SourceDate "2023.11.12"]
[SourceVersion "1"]
[SourceVersionDate "2023.11.12"]
[SourceQuality "1"]

1. d4 Nf6 2. c4 e5 3. e3 exd4 4. exd4 Bb4+ 5. Bd2 Bxd2+ 6. Nxd2 0-0 7. Ngf3 Re8+ 8. Be2 Qe7 9. a3 Nh5 10. g3 d6 11. Nf1 f5 12. Ne3 c6 13. c5 dxc5 14. 0-0 f4 15. Bc4+ Kh8 16. Ne5 Nf6 17. Nf7+ Kg8 18. Nd6+ Be6 19. Nxe8 Bxc4 20. Nxf6+ Qxf6 21. Nxc4 Nd7 22. dxc5 Nxc5 23. Qd6 Qf5 24. Qxf4 Qxf4 25. gxf4 1-0

[Event "South America-ch (Women)"]
[Site "Lima"]
[Date "2023.09.18"]
[Round "5"]
[White "Molina, Jessica"]
[Black "Aranda Pucuhuanca, Alessandra Micaela"]
[Result "1-0"]
[WhiteElo "1903"]
[BlackElo "1338"]
[PlyCount "49"]
[EventDate "2023.09.14"]
[EventType "swiss"]
[EventRounds "9"]
[EventCountry "PER"]
[SourceTitle "EXT 2024"]
[Source "ChessBase"]
[SourceDate "2023.10.10"]
[SourceVersion "1"]
[SourceVersionDate "2023.10.10"]
[SourceQuality "1"]

1. d4 d5 2. Nf3 e6 3. Bf4 Nf6 4. e3 c5 5. c3 Nc6 6. Nbd2 Bd6 7. Bg3 Qe7 8. Ne5 Nd7 9. f4 g6 10. Bd3 f5 11. Ndf3 Bxe5 12. fxe5 h6 13. Qe2 c4 14. Bc2 b5 15. Bf2 a5 16. g4 Ba6 17. gxf5 exf5 18. Rg1 Qe6 19. Nh4 Ne7 20. Nxg6 Nxg6 21. Qh5 Kd8 22. Rxg6 Qf7 23. Bh4+ Kc7 24. Rc6+ Kxc6 25. Qxf7 1-0

[Event "South America-ch (Women)"]
[Site "Lima"]
[Date "2023.09.14"]
[Round "1"]
[White "Molina, Jessica"]
[Black "Navarro Maldonado, Monica Dayana"]
[Result "1-0"]
[WhiteElo "1903"]
[BlackElo "1552"]
[PlyCount "85"]
[EventDate "2023.09.14"]
[EventType "swiss"]
[EventRounds "9"]
[EventCountry "PER"]
[SourceTitle "EXT 2024"]
[Source "ChessBase"]
[SourceDate "2023.10.10"]
[SourceVersion "1"]
[SourceVersionDate "2023.10.10"]
[SourceQuality "1"]

1. d4 Nf6 2. Bf4 g6 3. Nf3 Bg7 4. e3 0-0 5. Be2 d6 6. h3 e5 7. dxe5 Nfd7 8. exd6 Bxb2 9. dxc7 Qf6 10. cxb8Q Nxb8 11. Be5 Bxe5 12. Nxe5 Qxe5 13. Qd4 Qg5 14. Bf3 Rd8 15. Qc3 Nd7 16. h4 Qe5 17. Qxe5 Nxe5 18. Nd2 Nxf3+ 19. Nxf3 Bf5 20. Nd4 Be4 21. f3 Bd5 22. a3 Rac8 23. h5 g5 24. 0-0-0 f6 25. Nf5 Kf8 26. Rd4 Be6 27. Rxd8+ Rxd8 28. Nd4 Bf7 29. Rd1 Re8 30. Nf5 Bxh5 31. Rd6 Bg6 32. Rxf6+ Kg8 33. e4 Re5 34. Nd4 Kg7 35. Re6 Rxe6 36. Nxe6+ Kh6 37. Nd4 Kg7 38. Kd2 h6 39. c4 Kf7 40. Nb5 b6 41. Nd4 Kg7 42. Kd3 Kf7 43. Nc6 1-0

[Event "Olympiad Women-44"]
[Site "Chennai"]
[Date "2022.08.07"]
[Round "9.3"]
[White "Richards, Heather"]
[Black "Molina, Jessica"]
[Result "1-0"]
[WhiteElo "2146"]
[BlackElo "1889"]
[PlyCount "93"]
[EventDate "2022.07.29"]
[EventType "team-swiss"]
[EventRounds "11"]
[EventCountry "IND"]
[SourceTitle "CBM 210"]
[Source "ChessBase"]
[SourceDate "2022.10.31"]
[SourceVersion "1"]
[SourceVersionDate "2022.10.31"]
[SourceQuality "1"]
[WhiteTeam "Australia (W)"]
[BlackTeam "Bolivia (W)"]
[WhiteTeamCountry "AUS"]
[BlackTeamCountry "BOL"]

1. d4 Nf6 2. Nc3 d5 3. Bf4 e6 4. Nb5 Na6 5. e3 c6 6. Nc3 Nb8 7. Nf3 Be7 8. Ne5 Nbd7 9. Nd3 b6 10. g4 h6 11. Qf3 Bb7 12. 0-0-0 a5 13. h4 Ne4 14. Nxe4 dxe4 15. Qxe4 Bxh4 16. Qg2 Bg5 17. Be2 Bxf4 18. Nxf4 g5 19. Nd3 Qc7 20. Bf3 0-0-0 21. Rh3 e5 22. Qh2 exd4 23. Qxc7+ Kxc7 24. exd4 c5 25. dxc5 bxc5 26. Bxb7 Kxb7 27. c4 Kc7 28. Rf3 f6 29. Rf5 Kc6 30. b3 Rhe8 31. Rd5 Ra8 32. Nb2 Re7 33. Na4 Rh8 34. Rd6+ Kc7 35. Ra6 h5 36. Ra7+ Kc6 37. Nc3 hxg4 38. Nb5 Re6 39. Raxd7 Rhe8 40. Nc7 R8e7 41. Nxe6 Rxe6 42. R7d5 a4 43. bxa4 Re4 44. Rd6+ Kb7 45. Rxf6 Rxc4+ 46. Kb2 Rxa4 47. Rd7+ 1-0

[Event "BOL-ch (Women)"]
[Site "Santa Cruz"]
[Date "2022.05.19"]
[Round "1"]
[White "Monroy Garzon, Nataly Alejandra"]
[Black "Molina, Jessica"]
[Result "0-1"]
[WhiteElo "1898"]
[BlackElo "1871"]
[PlyCount "74"]
[EventDate "2022.05.19"]
[EventType "tourn"]
[EventRounds "7"]
[EventCountry "BOL"]
[SourceTitle "EXT 2023"]
[Source "ChessBase"]
[SourceDate "2022.10.05"]
[SourceVersion "1"]
[SourceVersionDate "2022.10.05"]
[SourceQuality "1"]

1. d4 d5 2. Nf3 Nf6 3. c4 e6 4. cxd5 exd5 5. Nc3 c6 6. Qc2 Be7 7. Bf4 Nbd7 8. e3 Nf8 9. Bd3 Ne6 10. Bg3 h6 11. h3 0-0 12. 0-0 Bd7 13. Rad1 Rc8 14. Qb3 Qb6 15. Qxb6 axb6 16. Ne5 Be8 17. a3 Nd7 18. Na4 Bd8 19. Bf5 Nxe5 20. Bxe5 g6 21. Bb1 Bd7 22. Nc3 f5 23. f3 Bf6 24. Bxf6 Rxf6 25. e4 fxe4 26. fxe4 Rxf1+ 27. Rxf1 Nxd4 28. exd5 Kg7 29. dxc6 bxc6 30. Rd1 c5 31. Nd5 Be6 32. Ne7 Rd8 33. Re1 Bf7 34. b4 Ra8 35. Re3 cxb4 36. axb4 Ra1 37. Re1 Ba2 0-1

[Event "Oruro op 8th"]
[Site "Oruro"]
[Date "2022.05.07"]
[Round "5"]
[White "Monroy G, Javier A"]
[Black "Molina, Jessica"]
[Result "1-0"]
[WhiteElo "2023"]
[BlackElo "1871"]
[PlyCount "135"]
[EventDate "2022.05.05"]
[EventType "swiss"]
[EventRounds "7"]
[EventCountry "BOL"]
[SourceTitle "CBM 208 Extra"]
[Source "ChessBase"]
[SourceDate "2022.07.31"]
[SourceVersion "1"]
[SourceVersionDate "2022.07.31"]
[SourceQuality "1"]

1. d4 e6 2. Nf3 Nf6 3. e3 d5 4. Bd3 Nbd7 5. Nbd2 b6 6. 0-0 Bb7 7. Qe2 Bd6 8. b3 0-0 9. Bb2 c5 10. e4 dxe4 11. Nxe4 Nxe4 12. Bxe4 Bxe4 13. Qxe4 Nf6 14. Qd3 Be7 15. Rfd1 Qc7 16. dxc5 Qxc5 17. c4 Ng4 18. Bd4 Qh5 19. h3 Nf6 20. Ne5 Bd6 21. Nc6 Rfc8 22. Nxa7 Rxa7 23. Bxf6 Rd7 24. g4 Qh6 25. Be5 Bxe5 26. Qxd7 Rf8 27. Qd3 f5 28. Re1 Qf6 29. Rxe5 Qxe5 30. Rd1 fxg4 31. hxg4 h5 32. Qe3 Qxe3 33. fxe3 h4 34. Kg2 g5 35. Rd6 Kf7 36. a4 Kf6 37. Rxb6 Rd8 38. Rb7 Rd2+ 39. Kh3 Rd3 40. a5 Rxe3+ 41. Kh2 Ke5 42. b4 Kf4 43. Rf7+ Kxg4 44. Rf2 h3 45. Ra2 Kh4 46. a6 g4 47. Ra1 Re2+ 48. Kh1 Kg3 49. Ra3+ Kh4 50. Ra1 Kg3 51. a7 Rh2+ 52. Kg1 Rg2+ 53. Kf1 Rf2+ 54. Ke1 Rf8 55. b5 h2 56. Ke2 Rf2+ 57. Ke3 Rf3+ 58. Kd4 Rf8 59. b6 Ra8 60. b7 e5+ 61. Kxe5 Rxa7 62. b8Q Rxa1 63. Kf5+ Kh3 64. Qh8+ Kg2 65. Qb2+ Kf3 66. Qxa1 g3 67. Qf1+ Ke3 68. c5 1-0

[Event "Oruro op 8th"]
[Site "Oruro"]
[Date "2022.05.06"]
[Round "4"]
[White "Molina, Jessica"]
[Black "Gareca Ordonez, Laura"]
[Result "1-0"]
[WhiteElo "1871"]
[BlackElo "1346"]
[PlyCount "83"]
[EventDate "2022.05.05"]
[EventType "swiss"]
[EventRounds "7"]
[EventCountry "BOL"]
[SourceTitle "CBM 208 Extra"]
[Source "ChessBase"]
[SourceDate "2022.07.31"]
[SourceVersion "1"]
[SourceVersionDate "2022.07.31"]
[SourceQuality "1"]

1. d4 d5 2. Bf4 Nf6 3. Nf3 e6 4. e3 c5 5. c3 Nc6 6. Nbd2 Be7 7. Bd3 0-0 8. Ne5 h6 9. 0-0 Qb6 10. b3 Nxe5 11. dxe5 Nd7 12. Qg4 f5 13. Qg6 Bg5 14. g4 Rf7 15. gxf5 exf5 16. Bxf5 Qxg6 17. Bxg6 Re7 18. Nf3 Nf8 19. Bd3 Bg4 20. Nxg5 hxg5 21. Bxg5 Rxe5 22. Bf4 Re6 23. c4 Bf3 24. cxd5 Bxd5 25. e4 Rg6+ 26. Bg3 Be6 27. f4 Rh6 28. f5 Bf7 29. e5 Rb6 30. e6 Be8 31. Rf4 Nh7 32. Rc1 Bb5 33. Bc4 Kf8 34. Rh4 Bxc4 35. Rcxc4 Nf6 36. Rh8+ Ng8 37. Rxc5 Ke7 38. Rc7+ Kf8 39. e7+ Ke8 40. Rxg8+ Kf7 41. e8Q+ Kf6 42. Qg6# 1-0

[Event "BOL-ch (Women)"]
[Site "Santa Cruz"]
[Date "2021.12.17"]
[Round "3"]
[White "Mendoza, Samantha"]
[Black "Molina, Jessica"]
[Result "0-1"]
[WhiteElo "1719"]
[BlackElo "1797"]
[PlyCount "92"]
[EventDate "2021.12.15"]
[EventType "tourn"]
[EventRounds "7"]
[EventCountry "BOL"]
[SourceTitle "CBM 205 Extra"]
[Source "ChessBase"]
[SourceDate "2022.01.31"]
[SourceVersion "1"]
[SourceVersionDate "2022.01.31"]
[SourceQuality "1"]

1. e4 c6 2. d4 d5 3. Nc3 dxe4 4. Nxe4 Nd7 5. Nf3 Ngf6 6. Nc3 e6 7. Bd3 b6 8. 0-0 Bb7 9. Qe2 Be7 10. Bd2 Rc8 11. Ba6 Bxa6 12. Qxa6 Qc7 13. Bf4 Nb8 14. Bxc7 Nxa6 15. Bf4 0-0 16. a3 Rfd8 17. Rad1 h6 18. Rfe1 b5 19. Ne4 Nxe4 20. Rxe4 Nc5 21. Re2 Na4 22. Rb1 a6 23. Rd2 Bf6 24. c3 g5 25. Be3 Bg7 26. Re1 c5 27. Red1 c4 28. Ne1 Nb6 29. g3 Nd5 30. Kf1 f5 31. Ng2 Rd7 32. h4 Bf6 33. Ke2 a5 34. Rc2 Kg7 35. Re1 Re8 36. Kd1 Kf7 37. Kc1 Rc7 38. Rce2 b4 39. axb4 axb4 40. Kc2 b3+ 41. Kd1 Rd7 42. Bd2 Ra7 43. hxg5 hxg5 44. Ne3 Ra1+ 45. Bc1 Nxe3+ 46. Rxe3 g4 0-1

[Event "Titled Tuesday intern op 13th July"]
[Site "Chess.com INT"]
[Date "2021.07.13"]
[Round "5"]
[White "Kett, Timothy"]
[Black "Molina, Jessica"]
[Result "1-0"]
[WhiteElo "2178"]
[BlackElo "1797"]
[PlyCount "137"]
[EventDate "2021.07.13"]
[EventType "swiss (blitz)"]
[EventRounds "11"]
[EventCountry "USA"]
[SourceTitle "CBM 203 Extra"]
[Source "ChessBase"]
[SourceDate "2021.09.30"]
[SourceVersion "1"]
[SourceVersionDate "2021.09.30"]
[SourceQuality "1"]

1. e4 e6 2. d4 d5 3. Nc3 Nf6 4. Bg5 Be7 5. e5 Nfd7 6. h4 Bxg5 7. hxg5 Qxg5 8. Qd3 h6 9. Nh3 Qd8 10. Nf4 Nf8 11. Nh5 Rg8 12. Qg3 Ng6 13. Bd3 Qg5 14. Qxg5 hxg5 15. Bxg6 fxg6 16. Ng3 a6 17. Kd2 Nc6 18. Nce2 Ne7 19. c3 b6 20. Rh7 c5 21. Rah1 Nf5 22. Nf1 g4 23. Ne3 g3 24. Nxg3 cxd4 25. cxd4 Nxd4 26. Rc1 Bd7 27. Ne2 Nc6 28. Nf4 Nxe5 29. Nc2 Nc4+ 30. Ke2 Nxb2 31. Nd4 e5 32. Nxd5 exd4 33. Nc7+ Kf7 34. Nxa8 Bb5+ 35. Kf3 Rxa8 36. Rc7+ Kf6 37. Rhxg7 d3 38. Kf4 Rf8 39. Ke3 Nc4+ 40. Kxd3 Ne5+ 41. Kc3 Ng4 42. f3 Ne3 43. Rb7 Nxg2 44. Rgc7 Kg5 45. Rxb6 Rxf3+ 46. Kb4 Nf4 47. Rc5+ Kg4 48. a4 g5 49. axb5 axb5 50. Rbxb5 Nd3+ 51. Kc4 Nxc5 52. Rxc5 Rf4+ 53. Kd3 Kh4 54. Ke2 g4 55. Rc8 Kg3 56. Rh8 Rf2+ 57. Ke1 Kg2 58. Rh7 g3 59. Rg7 Rf4 60. Ke2 Re4+ 61. Kd3 Re6 62. Rh7 Kf2 63. Rf7+ Kg1 64. Rg7 g2 65. Kd2 Re5 66. Rg8 Re4 67. Kd3 Rf4 68. Rg5 Kf2 69. Rg6 1-0

[Event "Titled Tuesday intern op 13th July"]
[Site "Chess.com INT"]
[Date "2021.07.13"]
[Round "6"]
[White "Molina, Jessica"]
[Black "Bashirli, Saadat"]
[Result "1-0"]
[WhiteElo "1797"]
[BlackElo "1320"]
[PlyCount "45"]
[EventDate "2021.07.13"]
[EventType "swiss (blitz)"]
[EventRounds "11"]
[EventCountry "USA"]
[SourceTitle "CBM 203 Extra"]
[Source "ChessBase"]
[SourceDate "2021.09.30"]
[SourceVersion "1"]
[SourceVersionDate "2021.09.30"]
[SourceQuality "1"]

1. d4 d5 2. Bf4 Nf6 3. Nf3 e6 4. e3 Bd6 5. Bg3 Bxg3 6. hxg3 0-0 7. Nbd2 Nbd7 8. Bd3 c5 9. c3 c4 10. Bc2 Re8 11. Ne5 b6 12. Bxh7+ Nxh7 13. Qh5 Qf6 14. Qxh7+ Kf8 15. Nc6 g6 16. Qh8+ Qxh8 17. Rxh8+ Kg7 18. Rxe8 Bb7 19. Rxa8 Bxa8 20. Ne5 Nf6 21. f3 b5 22. a4 a6 23. axb5 1-0

[Event "Online Olym Div3 D"]
[Site "Chess.com INT"]
[Date "2020.08.09"]
[Round "9.1"]
[White "Hwass, Zaineb"]
[Black "Molina, Jessica"]
[Result "1/2-1/2"]
[WhiteElo "1408"]
[BlackElo "1834"]
[PlyCount "139"]
[EventDate "2020.08.07"]
[EventType "team-tourn (rapid)"]
[EventRounds "9"]
[EventCountry "USA"]
[SourceTitle "CBM 198"]
[Source "ChessBase"]
[SourceDate "2020.10.31"]
[SourceVersion "1"]
[SourceVersionDate "2020.10.31"]
[SourceQuality "1"]
[WhiteTeam "Tunisia"]
[BlackTeam "Bolivia"]
[WhiteTeamCountry "TUN"]
[BlackTeamCountry "BOL"]

1. d4 e6 2. Bf4 d5 3. e3 Nf6 4. Nf3 Nbd7 5. c3 b6 6. h3 Bb7 7. Bb5 c6 8. Bd3 Be7 9. Nbd2 c5 10. 0-0 Ne4 11. Bxe4 dxe4 12. Nh2 Nf6 13. Ng4 Nd5 14. Bg3 f5 15. Qa4+ Qd7 16. Qxd7+ Kxd7 17. Ne5+ Ke8 18. Nb3 g5 19. dxc5 bxc5 20. c4 Nb4 21. a3 Nd3 22. Nxd3 exd3 23. Rfd1 Rd8 24. Rd2 Ba6 25. Na5 h5 26. Nc6 Ra8 27. Ne5 Bf6 28. b3 Rd8 29. Rad1 h4 30. Bh2 Bxe5 31. Bxe5 Rh7 32. Rxd3 Rhd7 33. Rxd7 Rxd7 34. Rxd7 Kxd7 35. Bf6 g4 36. Bxh4 Bb7 37. hxg4 fxg4 38. Bg3 Be4 39. b4 cxb4 40. axb4 Bd3 41. c5 Kc6 42. f3 gxf3 43. gxf3 Kb5 44. Be1 a5 45. bxa5 Kxc5 46. a6 Bxa6 47. Kg2 Kc4 48. Kg3 Bb7 49. Kg4 Kd3 50. Bf2 Ke2 51. Bg1 Bxf3+ 52. Kf4 Bd5 53. Bh2 Kf2 54. Bg3+ Ke2 55. Bh4 Kd3 56. Bf2 Bc4 57. Bg1 Ke2 58. Bh2 Kf2 59. Bg3+ Ke2 60. Bh4 Bd5 61. Bg3 Kd3 62. Bf2 Be4 63. Bg3 Bf5 64. Bf2 Ke2 65. Bg3 Kf1 66. Bh4 Kg2 67. e4 Bxe4 68. Kxe4 Kh3 69. Ke5 Kxh4 70. Kxe6 1/2-1/2

[Event "Online Olym Div3 D"]
[Site "Chess.com INT"]
[Date "2020.08.08"]
[Round "6.4"]
[White "Vilhete, Vania Fausto da T"]
[Black "Molina, Jessica"]
[Result "0-1"]
[WhiteElo "1799"]
[BlackElo "1834"]
[PlyCount "74"]
[EventDate "2020.08.07"]
[EventType "team-tourn (rapid)"]
[EventRounds "9"]
[EventCountry "USA"]
[SourceTitle "CBM 198"]
[Source "ChessBase"]
[SourceDate "2020.10.31"]
[SourceVersion "1"]
[SourceVersionDate "2020.10.31"]
[SourceQuality "1"]
[WhiteTeam "Mozambique"]
[BlackTeam "Bolivia"]
[WhiteTeamCountry "MOZ"]
[BlackTeamCountry "BOL"]

1. d4 d5 2. c4 e6 3. Nc3 Nf6 4. Nf3 c6 5. e3 Nbd7 6. Bd3 Be7 7. 0-0 dxc4 8. Bxc4 b5 9. Bd3 Bb7 10. a3 a6 11. Re1 Rc8 12. e4 Nb6 13. e5 Nfd5 14. Ne4 c5 15. dxc5 Bxc5 16. Bd2 Ne7 17. Ba5 Bxe4 18. Bxe4 Qxd1 19. Rexd1 Nbd5 20. Rac1 0-0 21. h3 h6 22. Nd2 Bd4 23. Bc3 Bxc3 24. bxc3 Nxc3 25. Re1 Ne2+ 26. Rxe2 Rxc1+ 27. Kh2 Ra1 28. Nb1 Nd5 29. Rb2 Rc8 30. f3 Nc3 31. Nxc3 Rxc3 32. Rd2 g6 33. Rd7 Raxa3 34. Rd8+ Kg7 35. Rd7 Rc5 36. f4 Ra4 37. Bc2 Rxc2 0-1

[Event "BOL-ch (Women)"]
[Site "La Paz"]
[Date "2020.01.18"]
[Round "1"]
[White "Molina, Jessica"]
[Black "Monroy Garzon, Nataly Alejandra"]
[Result "1/2-1/2"]
[WhiteElo "1837"]
[BlackElo "1923"]
[PlyCount "52"]
[EventDate "2020.01.18"]
[EventType "tourn"]
[EventRounds "7"]
[EventCountry "BOL"]
[SourceTitle "CBM 194 Extra"]
[Source "ChessBase"]
[SourceDate "2020.03.31"]
[SourceVersion "1"]
[SourceVersionDate "2020.03.31"]
[SourceQuality "1"]

1. d4 g6 2. Bf4 Bg7 3. Nf3 Nf6 4. e3 d6 5. h3 0-0 6. Be2 c5 7. c3 a6 8. a4 b6 9. Nbd2 Bb7 10. 0-0 Nc6 11. Re1 Nd5 12. Bg3 cxd4 13. exd4 Nf6 14. Bc4 d5 15. Bd3 e6 16. Ne5 Ne8 17. f4 Nd6 18. Qe2 Ne7 19. Bh4 Qc7 20. g4 f5 21. Bxe7 Qxe7 22. g5 Ne4 23. Ndf3 Ng3 24. Qf2 Ne4 25. Qe2 Ng3 26. Qf2 Ne4 1/2-1/2

[Event "Pan American-ch U20 Girls"]
[Site "Cochabamba"]
[Date "2019.08.05"]
[Round "7"]
[White "Hilario Huaranca, Aleyla Karen"]
[Black "Molina, Jessica"]
[Result "1/2-1/2"]
[WhiteElo "1841"]
[BlackElo "1811"]
[PlyCount "66"]
[EventDate "2019.08.01"]
[EventType "swiss"]
[EventRounds "9"]
[EventCountry "BOL"]
[SourceTitle "EXT 2021"]
[Source "ChessBase"]
[SourceDate "2020.10.23"]
[SourceVersion "1"]
[SourceVersionDate "2020.10.23"]
[SourceQuality "1"]

1. d4 d5 2. Nf3 Nf6 3. c4 e6 4. g3 Nbd7 5. Bg2 Be7 6. 0-0 0-0 7. Qc2 c6 8. Nbd2 b6 9. e4 dxe4 10. Nxe4 Bb7 11. Ne5 Rc8 12. Nxf6+ Nxf6 13. Rd1 b5 14. b3 a5 15. Qe2 b4 16. h4 Nd7 17. Nd3 Bf6 18. Qg4 Qe7 19. a3 Rfd8 20. axb4 axb4 21. Bd2 Qd6 22. Nxb4 Qxd4 23. Qxd4 Bxd4 24. Rac1 Nc5 25. Rb1 e5 26. Nc2 Ne6 27. Nxd4 Nxd4 28. Be3 f6 29. b4 Rc7 30. b5 cxb5 31. cxb5 Bxg2 32. Kxg2 Rb7 33. Bxd4 exd4 1/2-1/2

[Event "Pan American-ch U20 Girls"]
[Site "Cochabamba"]
[Date "2019.08.02"]
[Round "3"]
[White "Molina, Jessica"]
[Black "Salazar Gould, Melannie"]
[Result "1-0"]
[WhiteElo "1811"]
[BlackElo "1919"]
[PlyCount "97"]
[EventDate "2019.08.01"]
[EventType "swiss"]
[EventRounds "9"]
[EventCountry "BOL"]
[SourceTitle "EXT 2020"]
[Source "ChessBase"]
[SourceDate "2019.10.17"]
[SourceVersion "1"]
[SourceVersionDate "2019.10.17"]
[SourceQuality "1"]

1. d4 Nf6 2. c4 e5 3. d5 Bc5 4. Nc3 d6 5. h3 h6 6. e4 0-0 7. Bd3 a5 8. Nf3 Nbd7 9. Qe2 Re8 10. g4 Nh7 11. Be3 c6 12. Rg1 Bxe3 13. Qxe3 Ng5 14. Nxg5 hxg5 15. Rh1 Nf8 16. c5 dxc5 17. Qxc5 Qf6 18. Qe3 Bd7 19. f3 Ng6 20. Rh2 Nf4 21. 0-0-0 Rec8 22. Kb1 Qe7 23. Na4 Rab8 24. Nb6 Rd8 25. Bc4 Be8 26. Rhd2 Rd6 27. Qc5 Qf6 28. Bb3 cxd5 29. Nxd5 Nxd5 30. Bxd5 Kh8 31. Bxf7 Qxf7 32. Qxd6 Rc8 33. Qxe5 Qxf3 34. Qf5 Qxf5 35. gxf5 Rc7 36. Rd8 Re7 37. R1d6 Kg8 38. Re6 Kf7 39. Rxe7+ Kxe7 40. Rxe8+ Kxe8 41. Kc2 Ke7 42. Kd3 g6 43. f6+ Ke6 44. e5 Kf7 45. Kc4 Ke6 46. a4 Kxe5 47. f7 Kf4 48. f8Q+ Kg3 49. Qf6 1-0